000 00344nam a2200133Ia 4500
008 240624s9999 xx 000 0 und d
041 _aeng
082 _a333.79 RIF
100 _aRIFKIN JEREMY
245 _aGREEN NEW DEAL WHY THE FOSSIL FUEL CIVIL
260 _c2019
_aNew York
_bSt. Martin's Press
300 _a290p. ;23cm.
365 _c
_b33
999 _c32650
_d32650